LEADER 01329nam a2200301 a 4500 001 000000121734 003 CaOOAMICUS 005 20100512151921.0 008 100512t2010 it u000 u ita r 020 $a978-88-6124-142-8 040 $aPUL$bita$dReb 082 04$a230.072 100 1 $aMancini, Roberto,$d1958-$0(OLS)http://pul/name/26538 245 13$aIl servizio dell'interpretazione :$bmodelli di ermeneutica nel pensiero contemporaneo /$cRoberto Mancini. 260 $aTrapani :$bIl pozzo di Giacobbe,$c©2010. 300 $a149 p. ;$c22 cm 490 1 $aFormazione e teologia 504 $aBibliografia in nota. 650 4$aConoscenza.$0(OLS)http://pul/subject/6941 650 4$aErmeneutica.$0(OLS)http://pul/subject/438 830 0$aFormazione e teologia.$0(OLS)http://pul/title/145717 850 $aPUL 852 $aPUL$W1$xSL Religione 3$y85$m230. 072 MANRO 1$j139723$qDDC 21$B138913$CPULBib$Z2$F138913 $H113614 $82 941 1 $a9 996 $6020$a978-88-6124-142-8$9(OLS)http://pul/number/144194 996 $6082$a230.072$9(OLS)http://pul/classification/527 996 $6245$aIl servizio dell'interpretazione :$bmodelli di ermeneutica nel pensiero contemporaneo$9(OLS)http://pul/title/153153 996 $6260$aTrapani :$bIl pozzo di Giacobbe$9(OLS)http://pul/publisher/79226 LEADER 01274nam a2200289 i 4500 001 000000118196 003 CaOOAMICUS 005 20091120132237.0 008 091120t2009 it b u000 u ita r 020 $a978-88-399-0842-1 040 $aPUL$bita$dReb 100 1 $aCunico, Gerardo,$d1949-$0(OLS)http://pul/name/12893 245 10$aLettura di Habermas :$bfilosofia e religione nella societą post-secolare /$cGerardo Cunico. 260 $aBrescia :$bQueriniana,$c©2009. 300 $a178 p. ;$c19 cm. 490 1 $aGiornale di teologia ;$v342 504 $aBibliografia p. 169-174. 600 14$aHabermas, Jürgen,$d1929-$xFilosofia e religione.$0(OLS)http://pul/subject/35875 650 4$aFilosofia teoretica.$0(OLS)http://pul/subject/3060 830 0$aGiornale di teologia ;$v342.$0(OLS)http://pul/title/9027 850 $aPUL 852 $aPUL$W1$xSL Religione 3$y85$m200 GDT 1.342$j135637$qDDC 21$B134613$CPULBib$Z2$F134613 $H111677 $82 941 1 $a9 983 0$aGdT. 996 $6020$a978-88-399-0842-1$9(OLS)http://pul/number/142443 996 $6245$aLettura di Habermas :$bfilosofia e religione nella societą post-secolare$9(OLS)http://pul/title/148763 996 $6260$aBrescia :$bQueriniana$9(OLS)http://pul/publisher/47906